000 01712cam a22004457a 4500
003 CHAP
005 20220329142502.0
008 010605d2000 mx r 00110 spa d
010 _a84135
011 _a85107
020 _a9701838815
035 _a95637
040 _cCHAP
082 0 4 _a325.2
_bR8
100 0 0 _aRubio, Miguel Angel
_eCoord.
_9100502
245 1 3 _aLa migración indígena en México :
_bestado del desarrollo económico y social de los pueblos indígenas de México
_c/coord. por Miguel Angel Rubio, Saúl Millán y Javier Gutiérrez
260 _aMéxico :
_bInstituto Nacional Indigenista,
_c2000.
300 _a239 p. :
_bilus. ; gráfs.
410 0 0 _aInstituto Nacional Indigenista
490 0 _aMigración indígena
590 _aBATCH-UPD
_b10
_c20130110
_lUCH01
_h0317
590 _aBATCH-UPD
_b10
_c20130110
_lUCH01
_h1531
590 _aBATCH-UPD
_b10
_c20130409
_lUCH01
_h2350
590 _aBATCH-UPD
_b10
_c20130914
_lUCH01
_h1259
590 _aCONVERSION
_b10
_c20130109
_lUCH01
_h1347
650 0 4 _aEmigración e inmigración.
_936517
650 0 4 _aIndios de México
_xCondiciones económicas.
_957625
650 0 4 _aIndios de México
_xCondiciones sociales.
_957626
650 0 4 _aMigración interna
_zMéxico.
_975608
650 0 4 _aTrabajadores migratorios.
_9114475
700 0 0 _aGutiérrez, Javier
_eCoord.
_951879
700 0 0 _aMillán, Saúl
_eCoord.
_975843
710 0 0 _aPrograma de las Naciones Unidas para el Desarrollo
_992305
810 0 0 _aInstituto Nacional Indigenista
_959397
830 0 0 _aMigración indígena
_975602
901 _aBK
905 _aAlejandra Carrasco M.
942 _cLIBRO
949 _a325.2 R8
_bBC
_cLIBRO
_d33724000834982
_eLIBRO
_h100436
_i95637
_si
999 _c84135
_d84135